| 000 | 00410nam a2200181Ia 4500 | ||
|---|---|---|---|
| 001 | 2838 | ||
| 005 | 20260306144836.0 | ||
| 008 | 260306t2002||||xx |||||||||||||| ||spa|| | ||
| 041 | _aESP | ||
| 082 |
_a230.2 _bT69 T. 5 |
||
| 100 |
_aTómas de Aquino, Santo _eAUT |
||
| 245 | 0 | _aSuma de teología | |
| 260 | _c2002 | ||
| 300 |
_aT. 5 _c24 cm. |
||
| 650 | _aGEN | ||
| 654 | _aCHU | ||
| 942 |
_cLIB _dJUS _fJUS _2ddc _n |
||
| 999 |
_c2838 _d2838 |
||